| 000 | 01357cab a22002055a 4500 | ||
|---|---|---|---|
| 001 | L149297 | ||
| 008 | e2010 xxk 000 0 eng d | ||
| 035 | _a(Sirsi) u149297 | ||
| 041 | 0 | _aeng | |
| 100 | 1 | _aCope, Jonathan | |
| 245 | 0 | 0 |
_aRaising the bar _bRICS surveyors acting as advocates _h[electronic resource] |
| 260 | _c2010 | ||
| 490 |
_aConstruction Journal _vFeb-Mar 2010, 8-10(3) |
||
| 520 | _aThe Dispute Resolution Professional Group felt that mandatory rules of conduct for surveyor-advocates were important because surveyor-advocates do frequently appear opposite solicitors and barristers. Those professions are subject to mandatory rules of conduct governing advocacy and with no mandatory rules applying to surveyor-advocates, there was a perception of lower professional standards. This could taint surveyor-advocates? submissions. To redress this imbalance, the Practice Statement (PS) requires surveyor-advocates to comply with the same fundamental principles as solicitors and barristers. [see L145697] | ||
| 590 | _aKA | ||
| 651 | 4 |
_aUnited Kingdom _y |
|
| 690 | _aMANAGEMENT-DISPUTE AVOIDANCE, MANAGEMENT AND RESOLUTION-DISPUTE MANAGEMENT AND RESOLUTION-EXPERT WITNESSES | ||
| 856 | 4 | 8 |
_uhttps://www.rics.org/site/download_feed.aspx?fileID=5762&fileExtension=PDF _zView this item (member-only access) at www.rics.org |
| 942 | _n0 | ||
| 999 |
_c82116 _d82116 |
||